Top 10 fastest cars per class in ALU - Statistics

General Stats
  • This quiz has been taken 18 times
    8 since last reset
  • The average score is 2 of 50
Answer Stats
Class Hint Answer % Correct
S 556.50 Devel Sixteen
50%
S 496.60 Koenigsegg Jesko
50%
S 497.10 Bugatti Bolide
25%
D 305.50 Mazda Furai
25%
S 490.60 SSC Tuatara
25%
D 312.30 Alfa Romeo Guilia GTAm
0%
B 374.10 Apollo N
0%
S 535.30 Arash Imperium
0%
C 352.10 Arrinera Hussarya 33
0%
A 377.40 Aston Martin Valhalla Concept Car
0%
D 331.10 Aston Martin Vantage V12 2022
0%
C 348.40 Bugatti EB110
0%
D 307.60 Chevrolet Corvette C7.R
0%
A 388.70 Citroën GT by Citroën
0%
C 341.60 Ferrari 296 GTB
0%
C 348.80 Ferrari Daytona SP3
0%
A 382.00 Ford Team Fordzilla P1
0%
B 371.10 FV Frangivento GT65
0%
B 368.80 Glickenhaus 003S
0%
D 311.20 Glickenhaus 004C
0%
S 512.30 Hennessey Venom F5
0%
A 412.30 Jaguar XJR-9
0%
S 484.40 Koenigsegg Agera RS
0%
S 541.00 Koenigsegg Jesko Absolut
0%
C 348.60 Lamborghini Diablo GT
0%
C 340.70 Lamborghini Gallardo LP 560-4
0%
C 346.20 Lamborghini Miura Concept
0%
B 368.20 Lego Technic Lamborghini Revuelto
0%
A 379.20 Lexus BEV Sport Concept
0%
D 307.20 Lotus Emira
0%
B 368.10 Lotus Evija
0%
C 342.90 Maserati MC12
0%
A 377.20 McLaren 570S Spider
0%
B 377.60 McLaren F1 LM
0%
A 392.60 Mercedes-Benz Silver Lightning
0%
A 381.00 Mercedes-Benz Vision One-Eleven
0%
S 506.70 Mosler Super GT
0%
B 373.50 Nissan R390 GT1
0%
C 345.00 Nissan Z GT4
0%
A 375.70 Noble M600 Speedster
0%
B 376.60 Pagani Huayra R
0%
A 378.90 Pagani Imola
0%
D 310.50 Peugeot SR1
0%
D 315.10 Porsche 911 Targa 4S
0%
S 538.70 Raesr Tartarus
0%
B 370.60 Sin R1 550
0%
D 312.00 Toyota GR Supra Racing Concept
0%
D 338.70 TVR Griffith
0%
C 350.50 Vencer Sarthe
0%
B 370.50 Volkswagen W12 Coupe
0%
No matching quizzes found
Score Distribution
Percent of People with Each Score
Percentile by Number Answered
Your Score History
You have not taken this quiz since the last reset